La expedición / (Registro nro. 68450)
[ vista simple ]
| 000 -LEADER | |
|---|---|
| fixed length control field | 01438nam a2200373 i 4500 |
| 001 - CONTROL NUMBER | |
| control field | 68450 |
| 003 - CONTROL NUMBER IDENTIFIER | |
| control field | Mx-PuUPA |
| 005 - DATE AND TIME OF LATEST TRANSACTION | |
| control field | 20240410104256.0 |
| 008 - FIXED-LENGTH DATA ELEMENTS--GENERAL INFORMATION | |
| fixed length control field | 191031s2018 mx gr 00| j spa d |
| 020 ## - INTERNATIONAL STANDARD BOOK NUMBER | |
| International Standard Book Number | 9786073171731 |
| 040 ## - CATALOGING SOURCE | |
| Original cataloging agency | Mx-PuUPA |
| Language of cataloging | spa |
| Transcribing agency | Mx-PuUPA |
| Modifying agency | Mx-PuUPA |
| Description conventions | rda |
| 041 1# - LANGUAGE CODE | |
| Language code of text/sound track or separate title | spa |
| Language code of original | eng |
| 100 1# - MAIN ENTRY--PERSONAL NAME | |
| Personal name | King, Stephen, |
| Dates associated with a name | 1947- |
| Relator term | autor |
| 9 (RLIN) | 5119 |
| 240 10 - UNIFORM TITLE | |
| Uniform title | Skeleton crew. |
| Date of a work | 1985. |
| Language of a work | Español. |
| 245 13 - TITLE STATEMENT | |
| Title | La expedición / |
| Statement of responsibility, etc. | Stephen King ; traducción de Francisco Blanco. |
| 250 ## - EDITION STATEMENT | |
| Edition statement | Segunda edición ampliada |
| 264 31 - PRODUCTION, PUBLICATION, DISTRIBUTION, MANUFACTURE, AND COPYRIGHT NOTICE | |
| Place of production, publication, distribution, manufacture | México : |
| Name of producer, publisher, distributor, manufacturer | Penguin Random House : |
| -- | Debols!llo, |
| Date of production, publication, distribution, manufacture, or copyright notice | ©2018 |
| 300 ## - PHYSICAL DESCRIPTION | |
| Extent | 359 páginas ; |
| Dimensions | 19 cm. |
| 336 ## - CONTENT TYPE | |
| Fuente | rdacontent |
| Content type term | texto |
| Content type code | txt |
| 337 ## - MEDIA TYPE | |
| Source | rdamedia |
| Media type term | sin medio |
| Media type code | n |
| 338 ## - CARRIER TYPE | |
| Source | rdacarrier |
| Carrier type term | volumen |
| Carrier type code | nc |
| 490 ## - SERIES STATEMENT | |
| Series statement | Biblioteca Stephen King |
| 505 00 - FORMATTED CONTENTS NOTE | |
| Title | La expedición. -- |
| -- | Superviviente. -- |
| -- | Abuela. -- |
| -- | La balada del proyectil flexible. -- |
| -- | La balsa. -- |
| -- | Nona. -- |
| 650 14 - SUBJECT ADDED ENTRY--TOPICAL TERM | |
| Topical term or geographic name entry element | Curiosidad |
| Form subdivision | Cuentos |
| -- | Ficción |
| 650 14 - SUBJECT ADDED ENTRY--TOPICAL TERM | |
| Topical term or geographic name entry element | Cuentos de terror |
| Geographic subdivision | Estados Unidos de América |
| 655 #4 - INDEX TERM--GENRE/FORM | |
| Genre/form data or focus term | Cuentos de horror |
| 655 #4 - INDEX TERM--GENRE/FORM | |
| Genre/form data or focus term | Ficción fantástica |
| Form subdivision | cuentos |
| 700 1# - ADDED ENTRY--PERSONAL NAME | |
| Personal name | Blanco, Francisco, |
| Relator term | traductor |
| 765 18 - ORIGINAL LANGUAGE ENTRY | |
| Main entry heading | King, Stephen, |
| Title | Skeleton crew. |
| Place, publisher, and date of publication | New York : Pocket Books, 2017. |
| International Standard Book Number | 9781501156786 |
| 942 ## - ADDED ENTRY ELEMENTS (KOHA) | |
| Source of classification or shelving scheme | Dewey Decimal Classification |
| Koha item type | Libro |
| Classification part | 813.54 |
| Item part | K519 |
| Withdrawn status | Lost status | Source of classification or shelving scheme | Damaged status | Not for loan | Collection code | Home library | Current library | Shelving location | Date acquired | Source of acquisition | Total Checkouts | Total Renewals | Full call number | Barcode | Date last seen | Date last checked out | Copy number | Price effective from | Koha item type |
|---|---|---|---|---|---|---|---|---|---|---|---|---|---|---|---|---|---|---|---|
| Dewey Decimal Classification | General | Biblioteca Karol Wojtyla | Biblioteca Karol Wojtyla | Sala general | 09/07/2019 | compra | 1 | 1 | 813.54 K519 2018 | 100286 | 05/01/2026 | 06/11/2019 | Ej.2 | 29/10/2019 | Libro | ||||
| Dewey Decimal Classification | General | Biblioteca Karol Wojtyla | Biblioteca Karol Wojtyla | Sala general | 09/07/2019 | compra | 2 | 813.54 K519 2018 | 100285 | 05/01/2026 | 17/10/2024 | 29/10/2019 | Libro |